Názory na minulosť MMF a Svetovej banky sa zhodujú, perspektívy sú však naďalej nejasné

Z výročného zasadania IMF a Svetovej banky v Madride 4.-6.10.1994. Hodnotenie príspevku oboch inštitúcií k stabilite svetovej ekonomiky (50 rokov Bretton-Woodskych dohôd a činnosti oboch inštitúcií). Sporné názory na budúcnosť IMF a SB, výkonný riaditeľ M. Camdessus a zástupcovia G 7 o SDR (Special...

ver descrição completa

Na minha lista:
Detalhes bibliográficos
Autor principal: Palko, F.
Formato: Capítulo de Livro
Idioma:eslovaco
Assuntos:
Tags: Adicionar Tag
Sem tags, seja o primeiro a adicionar uma tag!

MARC

LEADER 00000naa a2200000 4500
001 r015942
005 20221205091210.8
041 0 |a slo 
044 |a SK 
245 1 0 |a Názory na minulosť MMF a Svetovej banky sa zhodujú, perspektívy sú však naďalej nejasné  |c F. Palko 
520 |a Z výročného zasadania IMF a Svetovej banky v Madride 4.-6.10.1994. Hodnotenie príspevku oboch inštitúcií k stabilite svetovej ekonomiky (50 rokov Bretton-Woodskych dohôd a činnosti oboch inštitúcií). Sporné názory na budúcnosť IMF a SB, výkonný riaditeľ M. Camdessus a zástupcovia G 7 o SDR (Special Drawing Rights - zvláštne práva čerpania) ako osobitnej svetovej mene. Názory na rozmiestenie SDR v Rusku, novú emisiu SDR. Zasadanie Dočasného výboru IMF. Výzva bývalých soc. ekonomík k odstráneniu protekcionizmu. Hodnotenie Slovenska, pomalá privatizácia prekážkou medzinárodnej spolupráce. 
610 2 0 |a Medzinárodný menový fond 
610 2 0 |a IBRD 
610 2 0 |a konferencie 
610 2 0 |a 1994 
610 2 0 |a október 
610 2 0 |a Madrid 
610 2 0 |a SDR 
610 2 0 |a Rusko 
610 2 0 |a východná Európa 
610 2 0 |a stredná Európa 
610 2 0 |a protekcionizmus 
610 2 0 |a obchod medzinárodný 
610 2 0 |a podmienky obchodné 
610 2 0 |a Slovensko 
100 1 |a Palko, F.